The insects: an outline of Entomology

محفوظ في:
التفاصيل البيبلوغرافية
المؤلف الرئيسي: Gullan, P. J
مؤلفون آخرون: Cranston, P. S
التنسيق: كتاب
اللغة:الإنجليزية
منشور في: Oxford Blackwell Science 2000
الطبعة:Segunda edición
الموضوعات:
الوسوم: إضافة وسم
لا توجد وسوم, كن أول من يضع وسما على هذه التسجيلة!

MARC

LEADER 00000nam a2200000 a 4500
001 UCO4380
003 CL-VaPUC
005 20211028074329.0
008 000804e20000000UK |||||||||||||||||eng|d
999 |c 290430  |d 290428 
040 |c Pontificia Universidad Católica de Valparaíso 
082 0 4 |a 595.7 GUL 2000  |2 21 
100 0 |a Gullan, P. J  |9 448860 
245 1 4 |a The insects: an outline of Entomology 
250 |a Segunda edición 
260 0 3 |a Oxford  |b Blackwell Science  |c 2000 
300 |a 470 páginas 
583 |a last modification  |c 20000804 00:00:00  |k Rodrigo Vera 
650 0 |a Insectos   |9 264174 
650 0 |a Distribución geográfica  |9 260005 
650 7 |a DIVERSIDAD BIOLOGICA  |2 CL-VaPUC  |9 327372 
650 0 |a Entomología   |9 269835 
650 7 |a REPRODUCCION DE LOS INSECTOS  |2 CL-VaPUC  |9 448863 
700 0 |a Cranston, P. S  |9 448861 
942 |c BK  |2 ddc 
945 |d 20000804 00:00:00  |a vberengu 
952 |0 0  |1 0  |2 ddc  |4 0  |6 595_700000000000000_GUL_2000  |7 0  |8 A  |9 339827  |a BIBCUR  |b BIBCUR  |c PAC  |d 2019-11-20  |i 3636631  |o 595.7 GUL 2000  |p 3636631  |r 2025-04-22  |t 1  |w 2019-11-20  |y BK  |k BCB 
952 |0 0  |1 0  |2 ddc  |4 0  |6 595_700000000000000_GUL_2000  |7 0  |8 A  |9 339828  |a BIBCUR  |b BIBCUR  |d 2019-11-20  |i 363664K  |l 2  |o 595.7 GUL 2000  |p 363664K  |r 2025-04-22  |s 2022-05-25  |t 2  |w 2019-11-20  |y BK  |k BCB 
952 |0 0  |1 0  |2 ddc  |4 0  |6 595_700000000000000_GUL_2000  |7 0  |8 A  |9 339829  |a BIBCUR  |b BIBCUR  |d 2019-11-20  |i 3641465  |o 595.7 GUL 2000  |p 3641465  |r 2025-04-22  |t 3  |w 2019-11-20  |y BK  |k BIO